000 01055nam a2200277 a 4500
003 DO-SdBNP
005 20221102155403.0
007 ta
008 221102e2022 xu ad||er|||| 001 0dspa d
020 _a9780984189793
040 _aDO-SdBNP
_bspa
_cBNPHU
082 4 _222
_bZ88s
245 1 0 _aSexo es lo que somos, no lo que hacemos:
_b(la sexualidad científica en el mundo de hoy). /
_cHector Willimas Zorrilla, Jenifer M. Vanderhorst; Prólogo, Ángela Rodríguez Berrero, María Linandra Javier,
260 _aUnited States of America :
_bLiving Mission Ministries,
_c2022
300 _a267 p. :
_bil., gráf. ;
_c23 cm.
500 _aIncluye glosario p. 246 - 260
504 _aBibliografía: 261 - 263
590 _aInventariado 2022 / MF
650 4 _976448
_aSexualidad
_xEnseñanza
650 4 _92374
_aEducación Sexual
_zAmérica Latina
700 1 _aVanderhorst, Jenifer M.
_982667
700 1 _a Rodríguez Berrero, Ángela,
_epról.
_982668
700 1 _aJavier, María Linandra
_epról.
_982669
910 _aMFeliz
942 _2ddc
_cLBS1
999 _c52752
_d52752